Landslide Elections Quiz Stats

 Plays Quiz Updated Nov 1, 2016

Score 0/13 Timer 03:00
0 Plays Today
% Electoral Vote President (Year) % Correct
100.00George Washington (1789)
97.8%
100.00George Washington (1792)
97.8%
88.89Franklin Roosevelt (1932)
91.5%
98.49Franklin Roosevelt (1936)
91.3%
97.58Ronald Reagan (1984)
90.5%
90.89Ronald Reagan (1980)
90.5%
92.05Thomas Jefferson (1804)
87.2%
90.99Abraham Lincoln (1864)
80.8%
96.65Richard Nixon (1972)
79.8%
90.33Lyndon B. Johnson (1964)
71.6%
99.57James Monroe (1820)
71.5%
86.06Dwight D. Eisenhower (1956)
70.1%
85.81Franklin Pierce (1852)
29.1%

You're not logged in!

Compare scores with friends on all Sporcle quizzes.
OR
Log In

Show Comments

Extras

Top Quizzes Today


Score Distribution

Your Account Isn't Verified!

In order to create a playlist on Sporcle, you need to verify the email address you used during registration. Go to your Sporcle Settings to finish the process.

Report this User

Report this user for behavior that violates our Community Guidelines.

Details: